Logos de partidos políticos españoles - Estadísticas

Estadísticas generales
  • Esta prueba ha sido intentada 149 veces
  • La puntuación promedio es 16 de 24
Estadísticas de respuestas
Imagen Respuesta % Correcto
PSOE
99%
VOX
99%
PP
98%
PODEMOS
94%
Sumar
92%
Ciudadanos
90%
Junts Per Catalunya
83%
EH Bildu
81%
Esquerra Republicana
76%
Izquierda Unida
76%
Más País
74%
PACMA
73%
PNV
73%
BNG
59%
CUP
56%
Coalición Canaria
54%
Compromís
54%
Teruel Existe
54%
PRC
48%
UPYD
42%
Frente Obrero
39%
UPN
37%
UCD
36%
Adelante Andalucía
22%
No se encontraron pruebas coincidentes
Distribución de puntuación
Porcentaje de gente con cada puntuación
Porcentaje por número respondido
Historial de tus puntuaciones
No has intentado esta prueba.